[Event "Junior Online 4NCL Division 2"]
[Site "online"]
[Date "2021.03.18"]
[EventDate "2021.03.18"]
[Round "5.112"]
[White "Wang, Yile"]
[WhiteElo "1323"]
[WhiteTeam "Ojays D"]
[Black "Groshong, William"]
[BlackElo "1154"]
[BlackTeam "Rhodes Avenue Bishops"]
[Result "0-1"]
[PlyCount "82"]

1. e4 e5 2. Nf3 Nc6 3. Bc4 Bc5 4. c3 d6 5. d4 exd4 6. cxd4 Bb4+ 7. Nc3 Bxc3+ 8. bxc3 Bg4 9. O-O Nf6 10. h3 Bh5 11. Bb5 a6 12. Ba4 b5 13. Bb3 O-O 14. Bg5 h6 15. Bh4 g5 16. Bg3 Nxe4 17. Qd3 Nxg3 18. fxg3 Bg6 19. Qe3 Re8 20. Qf2 Na5 21. Ne5 Nxb3 22. Nxg6 Qd7 23. axb3 fxg6 24. c4 bxc4 25. bxc4 Rf8 26. Qc2 Rxf1+ 27. Rxf1 Kg7 28. Rf3 Re8 29. Qf2 h5 30. Ra3 Qc6 31. Qa2 Re4 32. Rxa6 Qd7 33. Qa1 Kf7 34. Qf1+ Qf5 35. Qd3 Re1+ 36. Kh2 Qxd3 37. Ra2 Qf1 38. g4 Qh1+ 39. Kg3 h4+ 40. Kf3 Qf1+ 41. Rf2 Qd3# {[W: 0:06:19; B: 0:05:25]} 0-1

[Event "Junior Online 4NCL Division 2"]
[Site "online"]
[Date "2021.03.18"]
[EventDate "2021.03.18"]
[Round "5.113"]
[White "Gelmini, Gabriel"]
[WhiteElo "1151"]
[WhiteTeam "Rhodes Avenue Bishops"]
[Black "McAndrew, Rory"]
[BlackElo "1322"]
[BlackTeam "Ojays D"]
[Result "1-0"]
[PlyCount "77"]

1. c4 e5 2. Nc3 Nf6 3. g3 Bc5 4. Bg2 Ng4 5. e3 Nc6 6. Qxg4 d5 7. Qxg7 Rf8 8. Nxd5 Be6 9. Nf6+ Ke7 10. Nf3 Bxc4 11. Qg5 Qd3 12. Bf1 Qc2 13. Bxc4 Qxc4 14. Nxh7+ Kd7 15. Nxf8+ Rxf8 16. Nxe5+ Nxe5 17. Qxe5 Kc8 18. b3 Qb5 19. Qc3 f6 20. a4 Qc6 21. O-O Rh8 22. d4 Qd7 23. h4 Bd6 24. d5 Qh3 25. Qxf6 Rg8 26. Qe6+ Qxe6 27. dxe6 Be5 28. Rb1 Re8 29. Bb2 Bxb2 30. Rxb2 Rxe6 31. Rc1 Rd6 32. Rbc2 Rd7 33. b4 a6 34. b5 axb5 35. axb5 Kb8 36. Ra2 b6 37. Rca1 c5 38. bxc6 Rc7 39. Ra8# {[W: 0:04:20; B: 0:01:10]} 1-0

[Event "Junior Online 4NCL Division 2"]
[Site "online"]
[Date "2021.03.18"]
[EventDate "2021.03.18"]
[Round "5.114"]
[White "Griffith, Theodore"]
[WhiteElo "1312"]
[WhiteTeam "Ojays D"]
[Black "Bevan, Alexander"]
[BlackElo "1049"]
[BlackTeam "Rhodes Avenue Bishops"]
[Result "1-0"]
[PlyCount "133"]

1. e4 c5 2. Nf3 Nf6 3. Nc3 Nc6 4. d4 e6 5. Be3 cxd4 6. Nxd4 d5 7. e5 Nxe5 8. Bb5+ Bd7 9. Bf4 Ng6 10. Bxd7+ Qxd7 11. Bg3 Bc5 12. Ndb5 O-O 13. O-O a6 14. Nd4 b5 15. Nb3 Bd6 16. Bxd6 Qxd6 17. f3 Qb6+ 18. Kh1 Rac8 19. f4 Rfd8 20. f5 Nh4 21. fxe6 Qxe6 22. Re1 Qg4 23. Qxg4 Nxg4 24. Rad1 Nf2+ 25. Kg1 Nxd1 26. Rxd1 b4 27. Nxd5 Rxc2 28. Ne7+ Kf8 29. Rxd8+ Kxe7 30. Rd4 Rxb2 31. Rxh4 Rxa2 32. Rxb4 Kd6 33. Rb7 Ra3 34. Nd4 Ra1+ 35. Kf2 Rd1 36. Nf5+ Ke6 37. Nxg7+ Kf6 38. Nh5+ Kg6 39. Nf4+ Kg5 40. Rxf7 a5 41. Ra7 a4 42. Rxa4 Rd2+ 43. Ne2 Kf5 44. Ra5+ Ke4 45. Ra7 Kd3 46. Rd7+ Kc2 47. Rxd2+ Kxd2 48. Nf4 Kc3 49. Kg3 Kd4 50. Kh4 Ke5 51. Nd3+ Kf6 52. Kh5 Kg7 53. Ne5 Kh8 54. Ng6+ hxg6+ 55. Kxg6 Kg8 56. h4 Kh8 57. g4 Kg8 58. g5 Kh8 59. Kf6 Kh7 60. h5 Kg8 61. g6 Kf8 62. g7+ Kg8 63. h6 Kh7 64. Kf7 Kxh6 65. g8=Q Kh5 66. Kf6 Kh6 67. Qh8# {[W: 0:08:38; B: 0:06:59]} 1-0

[Event "Junior Online 4NCL Division 2"]
[Site "online"]
[Date "2021.03.18"]
[EventDate "2021.03.18"]
[Round "5.115"]
[White "Beneat, Frederick"]
[WhiteElo "1339"]
[WhiteTeam "Ojays D"]
[Black "Goswami, Pratyush"]
[BlackElo "1238"]
[BlackTeam "Rhodes Avenue Bishops"]
[Result "0-1"]
[PlyCount "66"]

1. c4 Nf6 2. e3 d5 3. d4 e6 4. Nc3 c5 5. b3 Qa5 6. Bd2 Qd8 7. Nf3 Nc6 8. Be2 dxc4 9. Bxc4 cxd4 10. exd4 Nxd4 11. Nxd4 Qxd4 12. O-O Bd6 13. Nb5 Qe5 14. g3 O-O 15. Bf4 Qe4 16. Nxd6 Qc6 17. Nxc8 Raxc8 18. Rc1 Qb6 19. Be3 Qa5 20. Re1 Rfd8 21. Qf3 Nd7 22. Bg5 Qxg5 23. Qxb7 Ne5 24. Rc3 Qd2 25. Rce3 Nxc4 26. bxc4 Qxa2 27. Rf3 Rf8 28. Rxf7 Rxf7 29. Qxc8+ Rf8 30. Qxe6+ Kh8 31. Qe3 Qxc4 32. Qxa7 Qc2 33. Qc5 Qxc5 {[W: 0:08:18; B: 0:03:52]} 0-1

[Event "Junior Online 4NCL Division 2"]
[Site "online"]
[Date "2021.03.18"]
[EventDate "2021.03.18"]
[Round "5.116"]
[White "Groshong, William"]
[WhiteElo "1154"]
[WhiteTeam "Rhodes Avenue Bishops"]
[Black "Wang, Yile"]
[BlackElo "1323"]
[BlackTeam "Ojays D"]
[Result "1-0"]
[PlyCount "91"]

1. e4 e5 2. Nf3 Nc6 3. d4 exd4 4. Bc4 Bc5 5. c3 d6 6. cxd4 Bb4+ 7. Bd2 Bxd2+ 8. Qxd2 Nf6 9. O-O Bg4 10. Qf4 Bxf3 11. Qxf3 Nxd4 12. Qc3 c5 13. Nd2 O-O 14. Nf3 Nxe4 15. Qd3 Nxf3+ 16. Qxf3 Nd2 17. Qh3 Nxc4 18. b3 Ne5 19. f4 Ng6 20. f5 Ne5 21. f6 gxf6 22. Rf4 Kg7 23. Rh4 Rh8 24. Qg3+ Kf8 25. Rf4 Rg8 26. Qh4 Ng6 27. Qh6+ Rg7 28. Re4 Ne5 29. Rf1 Ng6 30. Rfe1 Qd7 31. Qe3 Ne5 32. Rf1 Qe6 33. b4 d5 34. Ref4 d4 35. Qe4 d3 36. Rxf6 Qe7 37. R6f5 Rg5 38. Rxe5 Rxe5 39. Qxd3 Rd8 40. Qxh7 Rg5 41. h4 Rg7 42. Qh8+ Rg8 43. Qh6+ Ke8 44. Qh7 Qe3+ 45. Kh1 Qg3 46. Qxf7# {[W: 0:05:27; B: 0:00:41]} 1-0

[Event "Junior Online 4NCL Division 2"]
[Site "online"]
[Date "2021.03.18"]
[EventDate "2021.03.18"]
[Round "5.117"]
[White "McAndrew, Rory"]
[WhiteElo "1322"]
[WhiteTeam "Ojays D"]
[Black "Gelmini, Gabriel"]
[BlackElo "1151"]
[BlackTeam "Rhodes Avenue Bishops"]
[Result "0-1"]
[PlyCount "126"]

1. e4 c5 2. Nf3 g6 3. Nc3 Bg7 4. Bc4 Nc6 5. Ng5 e6 6. d3 Nf6 7. Nf3 O-O 8. Ng5 Ne5 9. Bb3 a6 10. d4 cxd4 11. Qxd4 Nc6 12. Qd1 h6 13. Nf3 Qb6 14. Be3 Qa5 15. Qc1 Nxe4 16. Bd2 Nxd2 17. Qxd2 Qd8 18. O-O-O a5 19. g4 Qf6 20. Qe3 b5 21. a3 b4 22. Ne4 Qxb2+ 23. Kd2 Nd4 24. h4 Nxb3+ 25. Ke1 Qxa3 26. g5 h5 27. Nf6+ Kh8 28. cxb3 Qb2 29. Ne4 a4 30. bxa4 Rxa4 31. Nc5 Ra1 32. Nd3 Rxd1+ 33. Kxd1 Qb1+ 34. Nc1 Bb7 35. Rg1 Bxf3+ 36. Qxf3 Bb2 37. Kd2 Bxc1+ 38. Rxc1 Qb2+ 39. Rc2 Qd4+ 40. Kc1 Qxh4 41. Qb7 Qxg5+ 42. Kb2 Qe7 43. Rc8 Rxc8 44. Qxc8+ Kg7 45. Qc2 Qf6+ 46. Kb3 Qf3+ 47. Kxb4 Qf5 48. Qb2+ Qf6 49. Qd2 d5 50. Kc5 Qe7+ 51. Kd4 e5+ 52. Kxd5 Qd7+ 53. Kxe5 Qxd2 54. f4 Qe3+ 55. Kd6 Qxf4+ 56. Kc6 h4 57. Kb7 h3 58. Ka7 h2 59. Ka8 h1=Q+ 60. Ka7 Qe3+ 61. Ka6 Qf1+ 62. Kb7 Qfc1 63. Ka6 Qb3 {[W: 0:00:30; B: 0:01:44]} 0-1

[Event "Junior Online 4NCL Division 2"]
[Site "online"]
[Date "2021.03.18"]
[EventDate "2021.03.18"]
[Round "5.118"]
[White "Bevan, Alexander"]
[WhiteElo "1049"]
[WhiteTeam "Rhodes Avenue Bishops"]
[Black "Griffith, Theodore"]
[BlackElo "1312"]
[BlackTeam "Ojays D"]
[Result "1/2-1/2"]
[PlyCount "119"]

1. e4 e6 2. d4 d5 3. Nc3 dxe4 4. Nxe4 Nd7 5. Nf3 Ngf6 6. Bd3 Nxe4 7. Bxe4 Bd6 8. O-O Nf6 9. Qd3 O-O 10. Bg5 g6 11. Bh6 Re8 12. Bg5 Be7 13. Rfe1 Nxe4 14. Bxe7 Qxe7 15. Qxe4 Qb4 16. b3 Bd7 17. Ng5 Bc6 18. Qh4 h5 19. Qf4 Re7 20. Qf6 Rae8 21. f4 Qb5 22. c4 Qf5 23. Qxf5 exf5 24. Rxe7 Rxe7 25. d5 Bd7 26. Kf1 b5 27. Re1 Rxe1+ 28. Kxe1 Kf8 29. Nh7+ Ke7 30. Kd2 Kd6 31. Kd3 bxc4+ 32. Kxc4 c6 33. dxc6 Bxc6 34. g3 Bd7 35. Nf6 Bc6 36. b4 a6 37. Nh7 Bb5+ 38. Kd4 Bf1 39. a4 Be2 40. Ng5 f6 41. Nf7+ Ke7 42. Nh6 g5 43. Nxf5+ Kf7 44. Kc5 Bd3 45. Nd6+ Ke6 46. b5 axb5 47. axb5 h4 48. b6 Ba6 49. b7 Bxb7 50. Nxb7 gxf4 51. gxf4 Kf5 52. Kd5 Kxf4 53. Ke6 f5 54. Nc5 Kg4 55. Nd3 f4 56. Ke5 f3 57. Ke4 Kh3 58. Kxf3 Kxh2 59. Kg4 Kg2 60. Kxh4 {[W: 0:03:58; B: 0:07:43]} 1/2-1/2

[Event "Junior Online 4NCL Division 2"]
[Site "online"]
[Date "2021.03.18"]
[EventDate "2021.03.18"]
[Round "5.121"]
[White "Varma, Vaidehi"]
[WhiteElo "1300"]
[WhiteTeam "KJCA Young Kestrels F"]
[Black "George, Seb"]
[BlackElo "1283"]
[BlackTeam "Watford Juniors B"]
[Result "0-1"]
[PlyCount "104"]

1. e4 Nf6 2. e5 Nd5 3. Bc4 Nb6 4. Bb3 c5 5. Nc3 Nc6 6. Nf3 d5 7. exd6 exd6 8. O-O Be7 9. d3 Be6 10. Bxe6 fxe6 11. Re1 e5 12. h3 O-O 13. Ne2 Nd4 14. Nfxd4 cxd4 15. Ng3 Bh4 16. Rf1 Qf6 17. Bd2 Bxg3 18. fxg3 Qxf1+ 19. Qxf1 Rxf1+ 20. Rxf1 Rf8 21. Rxf8+ Kxf8 22. Bb4 Ke7 23. g4 g5 24. g3 Nd5 25. Ba3 b5 26. b3 Ne3 27. Bc1 h6 28. Bxe3 dxe3 29. Kf1 d5 30. Ke2 d4 31. h4 Kf6 32. c3 dxc3 33. Kxe3 b4 34. Ke2 a5 35. Kd1 e4 36. Kc2 Ke5 37. a4 bxa3 38. Kxc3 a2 39. Kb2 exd3 40. Kxa2 d2 41. hxg5 hxg5 42. Kb1 d1=Q+ 43. Kb2 Qxg4 44. Ka3 Qxg3 45. Ka4 Qc3 46. Ka3 g4 47. Ka2 g3 48. b4 Qxb4 49. Ka1 g2 50. Ka2 Kd4 51. Ka1 g1=Q+ 52. Ka2 Qgb1# {[W: 0:09:17; B: 0:06:09]} 0-1

[Event "Junior Online 4NCL Division 2"]
[Site "online"]
[Date "2021.03.18"]
[EventDate "2021.03.18"]
[Round "5.122"]
[White "Manouvel, Maelys"]
[WhiteElo "1250"]
[WhiteTeam "Watford Juniors B"]
[Black "Srivastava, Anya"]
[BlackElo "1225"]
[BlackTeam "KJCA Young Kestrels F"]
[Result "0-1"]
[PlyCount "66"]

1. e4 c5 2. Nf3 d6 3. d4 cxd4 4. Nxd4 e5 5. Nf3 Nf6 6. Nc3 Nc6 7. Bc4 g6 8. Be3 Bg7 9. Qd2 Bg4 10. O-O-O Bxf3 11. gxf3 Bf8 12. h4 Be7 13. f4 O-O 14. f3 Qd7 15. fxe5 Nxe5 16. Bb3 Nxf3 17. Qf2 Ne5 18. Bxa7 Nfg4 19. Qg1 Nf3 20. Qg2 Nxh4 21. Rxh4 Bxh4 22. Bd4 Bg5+ 23. Kb1 Be3 24. Qg3 Bg5 25. Rg1 h5 26. Rd1 Be7 27. Bc5 Rad8 28. Ba4 Qc7 29. Bb4 b6 30. Nb5 Qb7 31. Nxd6 Qxe4 32. Rd2 Qh1+ 33. Rd1 Qxd1# {[W: 0:01:38; B: 0:03:48]} 0-1

[Event "Junior Online 4NCL Division 2"]
[Site "online"]
[Date "2021.03.18"]
[EventDate "2021.03.18"]
[Round "5.123"]
[White "Shkuratovskyi, Makariy"]
[WhiteElo "1267"]
[WhiteTeam "KJCA Young Kestrels F"]
[Black "Demyan, Leo"]
[BlackElo "1178"]
[BlackTeam "Watford Juniors B"]
[Result "1-0"]
[PlyCount "91"]

1. e4 e5 2. Nf3 Nc6 3. Bc4 Nge7 4. Ng5 d5 5. exd5 Nxd5 6. Bxd5 Qxd5 7. O-O Be7 8. d3 f6 9. Qf3 Qxf3 10. Nxf3 Bd7 11. Nc3 O-O-O 12. Be3 b6 13. Rad1 Nb4 14. Rd2 Be6 15. a3 Nc6 16. Rfd1 Rd7 17. d4 Rhd8 18. d5 Bf5 19. dxc6 Rxd2 20. Rxd2 b5 21. Rxd8+ Bxd8 22. Bxa7 Bxc2 23. Nxb5 Ba4 24. Nc3 Bxc6 25. b4 Kb7 26. Bc5 e4 27. Nd2 f5 28. f3 exf3 29. Nxf3 Bf6 30. Ne2 Ka6 31. Ned4 Be4 32. a4 c6 33. b5+ cxb5 34. axb5+ Kb7 35. b6 g5 36. Ne6 g4 37. Nfd4 h5 38. Nb5 Bc6 39. Nd6+ Ka6 40. Nd4 f4 41. Nxc6 Bh4 42. b7 f3 43. gxf3 gxf3 44. b8=Q f2+ 45. Kf1 Be7 46. Qb6# {[W: 0:07:20; B: 0:00:08]} 1-0

[Event "Junior Online 4NCL Division 2"]
[Site "online"]
[Date "2021.03.18"]
[EventDate "2021.03.18"]
[Round "5.124"]
[White "Holland, Nicolas"]
[WhiteElo "1154"]
[WhiteTeam "Watford Juniors B"]
[Black "Allen, George"]
[BlackElo "1249"]
[BlackTeam "KJCA Young Kestrels F"]
[Result "0-1"]
[PlyCount "58"]

1. e4 e5 2. Nf3 Nc6 3. Nc3 Bc5 4. Bc4 d6 5. O-O Bg4 6. d3 h6 7. Nd5 Nf6 8. Nxf6+ Qxf6 9. Bd5 O-O 10. Qe1 Bxf3 11. gxf3 Qxf3 12. Qd2 Kh7 13. Bxc6 bxc6 14. b3 Bd4 15. Rb1 f5 16. exf5 Rxf5 17. c3 Bb6 18. d4 Rg5+ 19. Qxg5 hxg5 20. Bxg5 Qg4+ 21. Kh1 Qxg5 22. Rg1 Qf5 23. Rbe1 exd4 24. cxd4 Bxd4 25. Re7 Rg8 26. Rxc7 Qxf2 27. Rxa7 Bxa7 28. Rg2 Qf1+ 29. Rg1 Qxg1# {[W: 0:00:32; B: 0:05:54]} 0-1

[Event "Junior Online 4NCL Division 2"]
[Site "online"]
[Date "2021.03.18"]
[EventDate "2021.03.18"]
[Round "5.125"]
[White "George, Seb"]
[WhiteElo "1283"]
[WhiteTeam "Watford Juniors B"]
[Black "Varma, Vaidehi"]
[BlackElo "1300"]
[BlackTeam "KJCA Young Kestrels F"]
[Result "1-0"]
[PlyCount "53"]

1. e4 e5 2. f4 exf4 3. Nf3 f6 4. d4 g5 5. Nxg5 fxg5 6. Qh5+ Ke7 7. Qxg5+ Ke8 8. Qe5+ Be7 9. Qxh8 Bh4+ 10. g3 fxg3 11. Qxg8+ Ke7 12. Bg5+ Bxg5 13. Qxg5+ Ke8 14. Qxd8+ Kxd8 15. hxg3 d6 16. Rxh7 Nc6 17. Rh8+ Kd7 18. Bb5 a6 19. Rh7+ Kd8 20. Bxc6 bxc6 21. c4 Rb8 22. b3 a5 23. Nc3 Rb7 24. O-O-O Ke8 25. Rf1 Bg4 26. Rff7 Kd8 27. Rh8# {[W: 0:08:01; B: 0:09:55]} 1-0

[Event "Junior Online 4NCL Division 2"]
[Site "online"]
[Date "2021.03.18"]
[EventDate "2021.03.18"]
[Round "5.126"]
[White "Srivastava, Anya"]
[WhiteElo "1225"]
[WhiteTeam "KJCA Young Kestrels F"]
[Black "Manouvel, Maelys"]
[BlackElo "1250"]
[BlackTeam "Watford Juniors B"]
[Result "1-0"]
[PlyCount "189"]

1. d4 Nf6 2. c4 g6 3. Nc3 Bg7 4. e4 d6 5. Nf3 O-O 6. Bg5 e5 7. dxe5 dxe5 8. Nxe5 Nbd7 9. Nf3 b6 10. e5 Qe8 11. Be2 Nxe5 12. O-O Bb7 13. Nb5 Nxf3+ 14. Bxf3 Qc8 15. Bxf6 Bxf6 16. Bg4 Qb8 17. Rb1 a6 18. Nc3 Qe8 19. Re1 Qd8 20. f3 a5 21. Bd7 c5 22. Nb5 Bd4+ 23. Nxd4 Qxd7 24. Nb5 Rfd8 25. Qc2 Bc6 26. Rbd1 Qb7 27. Nd6 Qc7 28. Ne4 Bxe4 29. Rxe4 Rd7 30. Rde1 Rad8 31. Re8+ Rxe8 32. Rxe8+ Kg7 33. Qc3+ Rd4 34. Re4 Qd7 35. a3 Kg8 36. Rxd4 cxd4 37. Qd3 Kg7 38. Kf2 Kf6 39. Ke2 Qe6+ 40. Kd2 Qd6 41. b3 Qf4+ 42. Kc2 Ke5 43. g3 Qf5 44. f4+ Ke6 45. Qxf5+ Kxf5 46. Kd3 Kg4 47. Kxd4 Kh3 48. Kd5 Kxh2 49. Kc6 Kxg3 50. Kxb6 h5 51. c5 h4 52. c6 h3 53. c7 h2 54. c8=Q h1=Q 55. Qc3+ Qf3 56. Qe1+ Kxf4 57. Qc1+ Qe3+ 58. Qxe3+ Kxe3 59. Kxa5 g5 60. b4 g4 61. b5 g3 62. b6 g2 63. b7 g1=Q 64. b8=Q Qg5+ 65. Ka4 Qg4+ 66. Qb4 Qg2 67. Qc5+ Kf4 68. Qc7+ Ke4 69. Qxf7 Qc2+ 70. Qb3 Qc6+ 71. Qb5 Qc2+ 72. Ka5 Qc7+ 73. Qb6 Qc3+ 74. Qb4+ Qxb4+ 75. axb4 Kd5 76. Kb6 Kc4 77. b5 Kd5 78. Kb7 Kc5 79. b6 Kb5 80. Kc7 Kc5 81. b7 Kb5 82. b8=Q+ Kc4 83. Qb6 Kd3 84. Qb4 Ke3 85. Kd6 Kd3 86. Ke5 Ke2 87. Qb3 Kf2 88. Ke4 Kg2 89. Kf4 Kh2 90. Kg4 Kg2 91. Qb2+ Kf1 92. Kg3 Ke1 93. Kf3 Kd1 94. Ke3 Ke1 95. Qb1# {[W: 0:02:07; B: 0:02:17]} 1-0

[Event "Junior Online 4NCL Division 2"]
[Site "online"]
[Date "2021.03.18"]
[EventDate "2021.03.18"]
[Round "5.127"]
[White "Demyan, Leo"]
[WhiteElo "1178"]
[WhiteTeam "Watford Juniors B"]
[Black "Shkuratovskyi, Makariy"]
[BlackElo "1267"]
[BlackTeam "KJCA Young Kestrels F"]
[Result "1-0"]
[PlyCount "47"]

1. e4 e5 2. Nf3 Nc6 3. Bc4 Bc5 4. b4 Bxb4 5. c3 Bc5 6. d4 exd4 7. cxd4 Bb4+ 8. Bd2 Bxd2+ 9. Qxd2 Nf6 10. Nc3 O-O 11. e5 Ne8 12. O-O d6 13. exd6 Qxd6 14. Qd3 Qf6 15. Rae1 Bf5 16. Qe2 Nd6 17. Bd3 Bxd3 18. Qxd3 Rfe8 19. h4 Rxe1 20. Rxe1 Re8 21. Rxe8+ Nxe8 22. Ng5 g6 23. Qe3 Kf8 24. Nxh7+ {[W: 0:04:24; B: 0:09:24]} 1-0

[Event "Junior Online 4NCL Division 2"]
[Site "online"]
[Date "2021.03.18"]
[EventDate "2021.03.18"]
[Round "5.128"]
[White "Allen, George"]
[WhiteElo "1249"]
[WhiteTeam "KJCA Young Kestrels F"]
[Black "Holland, Nicolas"]
[BlackElo "1154"]
[BlackTeam "Watford Juniors B"]
[Result "1-0"]
[PlyCount "47"]

1. b4 e6 2. Bb2 d5 3. Nf3 Bxb4 4. Bxg7 Nf6 5. Bxh8 Kd7 6. Ne5+ Kd6 7. Nxf7+ Ke7 8. Nxd8 Kxd8 9. Bxf6+ Ke8 10. a3 Bc5 11. d4 Bd6 12. e3 Nc6 13. c4 b6 14. cxd5 exd5 15. Bb5 Bb7 16. O-O Be7 17. Bxe7 Kxe7 18. Qc2 Nd8 19. Qxc7+ Kf8 20. Qxh7 Bc6 21. Bxc6 Nxc6 22. Qh8+ Kf7 23. Qxa8 Ne7 24. Qxa7 {[W: 0:06:31; B: 0:06:13]} 1-0

[Event "Junior Online 4NCL Division 2"]
[Site "online"]
[Date "2021.03.18"]
[EventDate "2021.03.18"]
[Round "5.131"]
[White "Benhamida, Aisha"]
[WhiteElo "1682"]
[WhiteTeam "Manchester Juniors B"]
[Black "Barton, Ben"]
[BlackElo "1510"]
[BlackTeam "KJCA Young Kestrels E"]
[Result "0-1"]
[PlyCount "66"]

1. e4 c5 2. Nf3 Nc6 3. d4 cxd4 4. Nxd4 e5 5. Nb3 Nf6 6. Bd3 Bb4+ 7. Bd2 Bxd2+ 8. N1xd2 O-O 9. Qe2 d6 10. O-O-O Bg4 11. f3 Be6 12. h4 a5 13. a4 Nh5 14. Qf2 Nf4 15. Bb5 Qc7 16. h5 Nb4 17. Nb1 Nfd3+ 18. Bxd3 Nxd3+ 19. Rxd3 Rac8 20. Rc3 Qe7 21. Qe3 Rxc3 22. Nxc3 Bxb3 23. cxb3 Qe6 24. Nd5 Rc8+ 25. Kb1 f5 26. g3 Rc5 27. Rd1 fxe4 28. Qxe4 Kh8 29. Qh4 h6 30. Qe4 b5 31. f4 Qg4 32. Qg6 Qxd1+ 33. Ka2 Qxd5 {[W: 0:02:27; B: 0:03:04]} 0-1

[Event "Junior Online 4NCL Division 2"]
[Site "online"]
[Date "2021.03.18"]
[EventDate "2021.03.18"]
[Round "5.132"]
[White "Adatia, Amar"]
[WhiteElo "1477"]
[WhiteTeam "KJCA Young Kestrels E"]
[Black "Jayawarna, Tarini"]
[BlackElo "1643"]
[BlackTeam "Manchester Juniors B"]
[Result "1-0"]
[PlyCount "65"]

1. d4 Nf6 2. c4 g6 3. Nc3 Bg7 4. e4 d6 5. Nge2 O-O 6. Ng3 e5 7. d5 Ne8 8. Be2 f5 9. O-O Nf6 10. b3 Qe8 11. Qc2 f4 12. Nh1 g5 13. f3 h5 14. h3 Qg6 15. Nf2 Kf7 16. Bb2 Rh8 17. Qd1 g4 18. fxg4 hxg4 19. Nxg4 Nxg4 20. Bxg4 Bxg4 21. Qxg4 Qh6 22. Nb5 Bf6 23. Nxc7 Rg8 24. Qe6+ Kf8 25. Qxd6+ Be7 26. Qxh6+ Kf7 27. Nxa8 f3 28. Rxf3+ Ke8 29. Qh5+ Kd7 30. Bxe5 Na6 31. Qf5+ Ke8 32. Qf7+ Kd8 33. Qxg8+ {[W: 0:07:45; B: 0:00:23]} 1-0

[Event "Junior Online 4NCL Division 2"]
[Site "online"]
[Date "2021.03.18"]
[EventDate "2021.03.18"]
[Round "5.133"]
[White "Jayawarna, Thisumi"]
[WhiteElo "1532"]
[WhiteTeam "Manchester Juniors B"]
[Black "Luo, Yifan"]
[BlackElo "1422"]
[BlackTeam "KJCA Young Kestrels E"]
[Result "1/2-1/2"]
[PlyCount "61"]

1. e4 c5 2. Nf3 e6 3. d4 cxd4 4. Nxd4 Nc6 5. Nc3 Bc5 6. Be3 Qb6 7. Ndb5 Bxe3 8. fxe3 Qxe3+ 9. Be2 a6 10. Nc7+ Kd8 11. Nxa8 Qa7 12. Na4 Qxa8 13. Nb6 Qa7 14. Nxc8 Kxc8 15. Qd6 Nf6 16. O-O-O Nxe4 17. Qxd7+ Kb8 18. Rhe1 Qe3+ 19. Kb1 Rd8 20. Qxf7 Rxd1+ 21. Rxd1 Qxe2 22. Qf3 Nd2+ 23. Rxd2 Qxd2 24. a3 Nd4 25. Qf8+ Ka7 26. Qc5+ b6 27. Qc7+ Ka8 28. Qc8+ Ka7 29. Qc7+ Ka8 30. Qc8+ Ka7 31. Qc7+ {[W: 0:01:25; B: 0:07:05]} 1/2-1/2

[Event "Junior Online 4NCL Division 2"]
[Site "online"]
[Date "2021.03.18"]
[EventDate "2021.03.18"]
[Round "5.134"]
[White "Zhao, Wenyi"]
[WhiteElo "1424"]
[WhiteTeam "KJCA Young Kestrels E"]
[Black "Ye, Tim"]
[BlackElo "1488"]
[BlackTeam "Manchester Juniors B"]
[Result "0-1"]
[PlyCount "70"]

1. d4 d5 2. c4 e6 3. Nc3 Nf6 4. Bg5 Nbd7 5. Nf3 Be7 6. e3 h6 7. Bh4 O-O 8. Bg3 a6 9. Bd3 dxc4 10. Bxc4 b5 11. Bb3 Bb7 12. O-O c5 13. Rc1 Rc8 14. Qd2 Bxf3 15. gxf3 Qb6 16. Bc2 Qc6 17. Ne4 Nxe4 18. Bxe4 Qb6 19. Qd3 Nf6 20. Kh1 Bd6 21. Rg1 Bxg3 22. Rxg3 cxd4 23. Rcg1 Ne8 24. Bh7+ Kh8 25. Qa3 Qc5 26. Qxa6 dxe3 27. fxe3 Rc6 28. Qa3 Qxa3 29. bxa3 Kxh7 30. f4 Ra6 31. e4 Rg8 32. f5 exf5 33. exf5 Nf6 34. R3g2 Rxa3 35. Rb1 Rb8 {[W: 0:02:43; B: 0:04:13]} 0-1

[Event "Junior Online 4NCL Division 2"]
[Site "online"]
[Date "2021.03.18"]
[EventDate "2021.03.18"]
[Round "5.135"]
[White "Barton, Ben"]
[WhiteElo "1510"]
[WhiteTeam "KJCA Young Kestrels E"]
[Black "Benhamida, Aisha"]
[BlackElo "1682"]
[BlackTeam "Manchester Juniors B"]
[Result "0-1"]
[PlyCount "148"]

1. e4 c5 2. Nf3 d6 3. Bb5+ Nc6 4. O-O Nf6 5. e5 dxe5 6. Nxe5 Qc7 7. Bxc6+ bxc6 8. Re1 Bf5 9. Qf3 Bd7 10. Nc3 e6 11. d3 Bd6 12. Bf4 Rb8 13. Ne4 Nxe4 14. Nxf7 O-O 15. Bxd6 Nxd6 16. Nh6+ gxh6 17. Qg3+ Kf7 18. Re3 Ke8 19. Rae1 Nb5 20. Qg7 Nd4 21. c3 Qf4 22. f3 Rf7 23. Qg8+ Ke7 24. Qg3 Qxg3 25. hxg3 Nc2 26. R1e2 Nxe3 27. Rxe3 Rxb2 28. a4 a5 29. Re5 Kd6 30. Rh5 Rf6 31. Rh4 Rd2 32. d4 cxd4 33. cxd4 Rd3 34. Rh5 Rxd4 35. Rxa5 Rd5 36. Ra8 Rff5 37. g4 Rg5 38. f4 Rxg4 39. a5 Kc7 40. a6 Ra5 41. a7 Kb7 42. Rd8 Rxa7 43. Rxd7+ Kb6 44. Rd2 Rxf4 45. Rb2+ Kc7 46. Re2 Kd7 47. Re3 c5 48. Rg3 Kd6 49. Rd3+ Kc6 50. Re3 Kd5 51. Rh3 Rf6 52. Rd3+ Kc6 53. Rd8 h5 54. Kh2 c4 55. Kh3 Rf4 56. Rd1 e5 57. Rd8 Rd7 58. Rc8+ Rc7 59. Ra8 c3 60. Ra1 c2 61. Rc1 Kd6 62. g3 Rf3 63. Kh2 Rd3 64. g4 e4 65. gxh5 e3 66. h6 Rd1 67. Ra1 Rd2+ 68. Kh3 c1=Q 69. Ra6+ Rc6 70. Ra4 Qf1+ 71. Kg4 Rg2+ 72. Kh5 Qf5+ 73. Kh4 Qg5+ 74. Kh3 Qg3# {[W: 0:05:31; B: 0:02:44]} 0-1

[Event "Junior Online 4NCL Division 2"]
[Site "online"]
[Date "2021.03.18"]
[EventDate "2021.03.18"]
[Round "5.136"]
[White "Jayawarna, Tarini"]
[WhiteElo "1643"]
[WhiteTeam "Manchester Juniors B"]
[Black "Adatia, Amar"]
[BlackElo "1477"]
[BlackTeam "KJCA Young Kestrels E"]
[Result "1-0"]
[PlyCount "81"]

1. e4 c5 2. Nf3 d6 3. d4 cxd4 4. Nxd4 Nf6 5. Nc3 a6 6. Bg5 e6 7. f4 Nbd7 8. Qf3 Be7 9. g4 e5 10. Nf5 g6 11. Nxe7 Qxe7 12. Nd5 Qe6 13. f5 gxf5 14. gxf5 Qxd5 15. exd5 b5 16. O-O-O Bb7 17. Bg2 b4 18. Qb3 a5 19. Qa4 Kf8 20. Bh6+ Ke7 21. Qb3 Ng4 22. Bg5+ f6 23. Bh4 Nc5 24. Qf3 Nh6 25. Rhg1 a4 26. Qh5 Nf7 27. Bh1 b3 28. a3 bxc2 29. Kxc2 Rac8 30. Kd2 Nb3+ 31. Ke3 Nc5 32. Bxf6+ Kxf6 33. Qh4+ Ng5 34. Qxg5+ Kf7 35. Qg7+ Ke8 36. Qxh8+ Kd7 37. Qg7+ Kd8 38. Qf8+ Kc7 39. Rg7+ Kb8 40. Qxd6+ Ka8 41. Qb6 {[W: 0:00:24; B: 0:03:40]} 1-0

[Event "Junior Online 4NCL Division 2"]
[Site "online"]
[Date "2021.03.18"]
[EventDate "2021.03.18"]
[Round "5.137"]
[White "Luo, Yifan"]
[WhiteElo "1422"]
[WhiteTeam "KJCA Young Kestrels E"]
[Black "Jayawarna, Thisumi"]
[BlackElo "1532"]
[BlackTeam "Manchester Juniors B"]
[Result "0-1"]
[PlyCount "22"]

1. d4 Nf6 2. c4 c5 3. dxc5 Qa5+ 4. Nc3 Qxc5 5. Nf3 g6 6. e3 Bg7 7. Be2 d6 8. O-O Bd7 9. Qd4 Qc7 10. Rb1 Nh5 11. b3 Bxd4 {[W: 0:09:00; B: 0:09:16]} 0-1

[Event "Junior Online 4NCL Division 2"]
[Site "online"]
[Date "2021.03.18"]
[EventDate "2021.03.18"]
[Round "5.138"]
[White "Ye, Tim"]
[WhiteElo "1488"]
[WhiteTeam "Manchester Juniors B"]
[Black "Zhao, Wenyi"]
[BlackElo "1424"]
[BlackTeam "KJCA Young Kestrels E"]
[Result "1-0"]
[PlyCount "111"]

1. e4 e6 2. d4 d5 3. exd5 exd5 4. c4 c5 5. Nc3 Be6 6. cxd5 Bxd5 7. dxc5 Nf6 8. Bg5 Be7 9. Bxf6 Bxf6 10. Qxd5 Qxd5 11. Nxd5 Be5 12. Nf3 O-O 13. Bc4 Nc6 14. Nxe5 Nxe5 15. Bb3 Nd3+ 16. Ke2 Nxc5 17. Rac1 Ne6 18. Nc7 Nxc7 19. Rxc7 Rfe8+ 20. Kf3 Rf8 21. Rxb7 h6 22. Re1 Kh8 23. Ree7 Rab8 24. Rxa7 Kh7 25. Kg3 Kh8 26. Rxf7 Rxf7 27. Rxf7 Rd8 28. Bc2 Kg8 29. Bb3 Kh8 30. Rc7 Rd3+ 31. f3 Rd8 32. a4 Rb8 33. Rc3 Kh7 34. a5 Rb5 35. a6 Rg5+ 36. Kf2 Ra5 37. Rc6 Rb5 38. Bc2+ Kg8 39. a7 Ra5 40. Rc8+ Kf7 41. a8=Q Rxa8 42. Rxa8 Ke6 43. b4 Kd6 44. b5 Kc7 45. Kg3 Kb6 46. Kf4 Kxb5 47. Rg8 g5+ 48. Kf5 Kc5 49. Rh8 Kd6 50. Rxh6+ Ke7 51. f4 gxf4 52. Kxf4 Kf7 53. Kg5 Kg7 54. Rh7+ Kg8 55. Kf6 Kf8 56. Rh8# {[W: 0:03:39; B: 0:05:15]} 1-0